Μάνατζμεντ : θεωρητικό υπόβαθρο, σύγχρονες πρακτικές

Αποθηκεύτηκε σε:
Λεπτομέρειες βιβλιογραφικής εγγραφής
Κύριος συγγραφέας: Μπουραντάς, Δημήτρης Κ.
Μορφή: Βιβλίο
Γλώσσα:Greek
Δημοσίευση: Αθήνα : Γ. Μπένου, c2002.
Θέματα:
Ετικέτες: Προσθήκη ετικέτας
Δεν υπάρχουν, Καταχωρήστε ετικέτα πρώτοι!

MARC

LEADER 00000cam a2200000 i 4500
001 1/76677
008 080304s2002 gr | ||| |||| ||gre||
020 |a 9603590827 
020 |a 9608249236 
035 |l 10095249 
040 |a GR-MyUa  |b gre  |e AACR2 
041 0 |a gre 
082 7 |a 658   |2 (22) 
100 1 |a Μπουραντάς, Δημήτρης Κ. 
245 1 0 |a Μάνατζμεντ :   |b θεωρητικό υπόβαθρο, σύγχρονες πρακτικές /   |c Δημήτρης Μπουραντάς.  
260 |a Αθήνα :   |b Γ. Μπένου,   |c c2002.  
300 |a 614 σ. ;   |c 24 εκ. 
504 |a Βιβλιογραφία: σ. [612]-614.  
650 0 |a Management. 
852 |a INST  |b CHIOS  |e 20081017  |h 658 ΜΠΟ  |p 005200031008  |q 005200031008  |t BK  |y 4  |x 20220125 
852 |a INST  |b CHIOS  |e 20081017  |h 658 ΜΠΟ  |p 005200031010  |q 005200031010  |t BK  |y 0 
852 |a INST  |b CHIOS  |e 20081017  |h 658 ΜΠΟ  |p 005200031011  |q 005200031011  |t BK  |y 0 
852 |a INST  |b CHIOS  |e 20100923  |h 658 ΜΠΟ  |p 005200031937  |q 005200031937  |t BK  |y 0 
852 |a INST  |b CHIOS  |e 20100816  |h 658 ΜΠΟ  |p 005200032017  |q 005200032017  |t BK  |y 0 
852 |a INST  |b CHIOS  |e 20100831  |h 658 ΜΠΟ  |p 005200032054  |q 005200032054  |t BK  |y 0 
852 |a INST  |b CHIOS  |e 20140206  |h 658 ΜΠΟ  |p 005200036504  |q 005200036504  |t BK  |y 0 
852 |a INST  |b CHIOS  |c TSAMOYRGELIS  |e 20190305  |h 658 ΜΠΟ  |p 005200038916  |q 005200038916  |t BK  |y 0 
852 |a INST  |b LEMNOS  |e 20100318  |h 658 ΜΠΟ  |p 005600000390  |q 005600000390  |t BK  |y 0 
852 |a INST  |b LEMNOS  |e 20140314  |h 658 ΜΠΟ  |p 005600000981  |q 005600000981  |t BK  |y 0 
852 |a INST  |b LESVOS  |e 20100317  |h 658 ΜΠΟ  |p 005100046872  |q 005100046872  |t BK  |y 4  |x 20211125 
852 |a INST  |b RHODES  |e 20111221  |h 658 ΜΠΟ  |p 005400033896  |q 005400033896  |t BK  |y 0 
852 |a INST  |b SAMOS  |e 20080627  |h 658 ΜΠΟ  |p 005300030213  |q 005300030213  |t BK  |y 23 
852 |a INST  |b SAMOS  |e 20100112  |h 658 ΜΠΟ  |p 005300030918  |q 005300030918  |t BK  |y 0 
852 |a INST  |b SAMOS  |c EUDOXUS  |e 20130611  |h 658 ΜΠΟ  |p 005300040137  |q 005300040137  |t EDX  |y 0 
852 |a INST  |b SYROS  |e 20080304  |h 658 ΜΠΟ  |p 005500006426  |q 005500006426  |t BK  |y 4  |x 20211029 
852 |a INST  |b SYROS  |e 20091112  |h 658 ΜΠΟ  |p 005500008089  |q 005500008089  |t BK  |y 0 
901 |a BIBL3-2013-2 
901 |a BIBL4-2011-3 
901 |a BIBL3-2010-1 
901 |a BIBL5-2009-3 
901 |a BIBL3-2008-2 
901 |a BIBL5-2008-1 
901 |a BIBL2-2008-3 
901 |a BIBL2-2010-2 
901 |a BIBL1-2010-1 
901 |a BIBL6-2014-1 
901 |a BIBL2-2014-1 
901 |a BIBL2-2010-3 
901 |a BIBL2-2014-1 
920 |a Εύδοξος  |b Παραγγελία  |y Σάμος-ΤΣΑΧΜ  |z 2013-05 
920 |a Φοιτητική Μέριμνα  |y Χίος  |z 2010-08 
920 |a Περιφερειακή Διεύθυνση Σύρου  |y Χίος  |z 2010-08 
922 |a 3ΕΛΗ  |b 200711  |c ΕΠΕΑΕΚ2/Τμήμα Μαθηματικών  |d Πατάκης 
970 |a Κοντού  |b Παρασκευή  |z 04/03/2008